100 Best Novels by Any Word Quiz Stats

 Plays Quiz Updated Feb 3, 2019

Support Sporcle.
Go Orange.
Score 0/100 Timer 05:00
1 Play Today
# Novel % Correct
2The Great Gatsby
98.6%
3A Portrait of the Artist as a Young Man
98.5%
17The Heart Is a Lonely Hunter
98.2%
43A Dance to the Music of Time
98.2%
83A Bend in the River
98.1%
10The Grapes of Wrath
98%
34A Handful of Dust
97.2%
25A Passage to India
97.2%
74A Farewell to Arms
97.2%
64The Catcher in the Rye
97.1%
71A High Wind in Jamaica
97.1%
84The Death of the Heart
97%
41Lord of the Flies
96.9%
72A House for Mr. Biswas
96.8%
40The Heart of the Matter
96.8%
79A Room with a View
96.6%
39Go Tell It on the Mountain
96.6%
55On the Road
96.5%
65A Clockwork Orange
96.5%
15To the Lighthouse
96.3%
6The Sound and the Fury
96.3%
88The Call of the Wild
96.2%
69The House of Mirth
96.1%
99The Ginger Man
95.9%
12The Way of All Flesh
95.9%
58The Age of Innocence
95.8%
37The Bridge of San Luis Rey
95.7%
73The Day of the Locust
95.7%
76The Prime of Miss Jean Brodie
95.7%
81The Adventures of Augie March
95.6%
26The Wings of the Dove
95.6%
28Tender Is the Night
95.5%
87The Old Wives' Tale
95.5%
36All the King's Men
95.5%
# Novel % Correct
61Death Comes for the Archbishop
95.5%
45The Sun Also Rises
95.4%
51The Naked and the Dead
95.4%
21Henderson the Rain King
94.9%
56The Maltese Falcon
94.8%
11Under the Volcano
94.7%
30The Good Soldier
94.6%
95Under the Net
94.4%
32The Golden Bowl
94.4%
48The Rainbow
94.4%
98The Postman Always Rings Twice
94.4%
46The Secret Agent
94.3%
97The Sheltering Sky
94.3%
100The Magnificent Ambersons
94.3%
29The Studs Lonigan Trilogy
94.3%
93The Magus
94.3%
63The Wapshot Chronicles
94.2%
70The Alexandria Quartet
94.2%
27The Ambassadors
94.2%
60The Moviegoer
94.2%
35As I Lay Dying
89.3%
14I, Claudius
87.2%
16An American Tragedy
87%
67Heart of Darkness
84.1%
131984
80.3%
50Tropic of Cancer
77.9%
49Women in Love
77.7%
66Of Human Bondage
77.1%
82Angle of Repose
76.7%
9Sons and Lovers
71.4%
54Light in August
71%
22Appointment in Samarra
68.7%
31Animal Farm
65.9%
62From Here to Eternity
65.7%
# Novel % Correct
7Catch-22
65%
5Brave New World
61.9%
1Ulysses
57.8%
19Invisible Man
51.5%
4Lolita
51.2%
18Slaughterhouse-Five
49.4%
8Darkness at Noon
34.8%
20Native Son
25.3%
85Lord Jim
25.1%
90Midnight's Children
20.9%
80Brideshead Revisited
18.3%
94Wide Sargasso Sea
18%
77Finnegans Wake
16.5%
78Kim
15%
38Howards End
14.6%
52Portnoy's Complaint
13.2%
57Parade's End
13.1%
33Sister Carrie
12.9%
91Tobacco Road
11.9%
53Pale Fire
11.5%
86Ragtime
11.1%
96Sophie's Choice
9.5%
23U.S.A. (Trilogy)
9.3%
42Deliverance
7.6%
68Main Street
6.5%
24Winesburg, Ohio
6.2%
75Scoop
5.7%
47Nostromo
5.4%
44Point Counter Point
3.9%
92Ironweed
3.5%
59Zuleika Dobson
3.3%
89Loving
3.2%

From the Vault

Language by Map

by the_underground

Language 10m
Official languages mapped here.
Remove Ads.
Support Sporcle.
Get the best of Sporcle when you Go Orange. This ad-free experience offers more features, more stats, and more fun while also helping to support Sporcle. Thank you for becoming a member.

Show Comments

Extras

Top Quizzes Today


Score Distribution

Your Account Isn't Verified!

In order to create a playlist on Sporcle, you need to verify the email address you used during registration. Go to your Sporcle Settings to finish the process.

Report this User

Report this user for behavior that violates our Community Guidelines.

Details: